000
00261nam a2200097Ia 4500
001
640780
005
20250826153453.0
008
250824s9999 xx 000 0 und d
245
0
_a
İLGİNÇ HAYATLARIYLA BİLİM İNSANLARI
_c
ÇİĞDEM CAN
260
_b
GENÇ TİMAŞ
999
_c
640780
_d
640780